Kan̲akāmbaram. (Record no. 77121)
[ view plain ]
| 000 -LEADER | |
|---|---|
| fixed length control field | 00712cam a22002531 4500 |
| 001 - CONTROL NUMBER | |
| control field | sa 68000319 |
| 003 - CONTROL NUMBER IDENTIFIER | |
| control field | DLC |
| 005 - DATE AND TIME OF LATEST TRANSACTION | |
| control field | 20260227112422.0 |
| 008 - FIXED-LENGTH DATA ELEMENTS--GENERAL INFORMATION | |
| fixed length control field | 850325s1964 ii 000 1 tamx |
| 010 ## - LIBRARY OF CONGRESS CONTROL NUMBER | |
| LC control number | sa 68000319 |
| 020 ## - INTERNATIONAL STANDARD BOOK NUMBER | |
| Terms of availability | Rs3 |
| 025 ## - OVERSEAS ACQUISITION NUMBER | |
| Overseas acquisition number | PL480:I-T-1561 |
| 035 ## - SYSTEM CONTROL NUMBER | |
| System control number | (OCoLC)34931264 |
| 040 ## - CATALOGING SOURCE | |
| Original cataloging agency | DLC |
| Transcribing agency | MnU |
| Modifying agency | DLC |
| 042 ## - AUTHENTICATION CODE | |
| Authentication code | premarc |
| 050 00 - LIBRARY OF CONGRESS CALL NUMBER | |
| Classification number | PL4758.9.S53 |
| Item number | K3 |
| 100 1# - MAIN ENTRY--PERSONAL NAME | |
| Personal name | Ṣerīp, Kavi Kā. Mu., |
| Dates associated with a name | 1914- |
| 245 10 - TITLE STATEMENT | |
| Title | Kan̲akāmbaram. |
| Statement of responsibility, etc. | [El̲utiyavar] Kā. Mu. Ṣerīp. |
| 250 ## - EDITION STATEMENT | |
| Edition statement | [1. patippu] |
| 260 ## - PUBLICATION, DISTRIBUTION, ETC. | |
| Place of publication, distribution, etc. | Cen̲n̲ai, |
| Name of publisher, distributor, etc. | Kuyilan̲ Patippakam |
| Date of publication, distribution, etc. | [1964] |
| 300 ## - PHYSICAL DESCRIPTION | |
| Extent | 159 p. |
| Dimensions | 18 cm. |
| 500 ## - GENERAL NOTE | |
| General note | In Tamil. |
| 500 ## - GENERAL NOTE | |
| General note | Short stories published previously in various periodicals. |
No items available.